MDQL
is popping MORE tags! Check the
thread
!
Quizzes
Events
Quiz Creation
Community
Videos
Private Events
Remove Ads
Sign In
Join for FREE
Feedback
Dark Mode
Quiz Categories
Sports
Geography
Music
Movies
Television
Just For Fun
Miscellaneous
History
Literature
Language
Science
Gaming
Entertainment
Religion
Holiday
For Kids
Quiz Lab
Recent
Popular Today
Quiz Kudos Today
Editor Picks
Curator Picks
Quizzes by...
Day
Popularity
Type
Ratings
Length
Year
Community
Subscriptions
Recent Discussions
Orange Saloon
Badges
Playlists
Quests
Create
Leaderboards
Showdown
Live 5
Trivia Bingo
Activity
Puzzle Library
Sporcle Events
Private Events
Virtual Trivia
Globe League
Become a Host
Pub Owners
SporcleCon
Opinionation
Our Games
Videos
Blog
Mobile Apps
Partnerships
Remove Ads and Go Orange
Feedback
Sports
Athletes
MLB
NBA
NHL
NFL
Soccer
Sports Teams
WWE
NCAA
Football
Premier League
Basketball
Baseball
Hockey
Golf
Tennis
Cricket
Rugby
Auto Racing
Olympics
World Cup
Sports
Athletes
MLB
NBA
NHL
NFL
Soccer
Sports Teams
WWE
NCAA
Football
Premier League
Basketball
Baseball
Hockey
Golf
Tennis
Cricket
Rugby
Auto Racing
Olympics
World Cup
Random Quiz
Search Sporcle
×
Quiz Lab
Quiz Lab
Sports
NBA
Type in answers that appear in a list
Type in answers that appear in a list
Classic
Best Score? Go Orange.
Lakers by Image Stats
Can you name the Lakers by image?
By
jonbohan
10m
40 Questions
306 Plays
306 Plays
306 Plays
Comments
Comments
Give Quiz Kudos
Give Quiz Kudos
-
- Ratings
hide this ad
Forced Order
Answers have to be entered in order
Answers have to be entered in order
Replay
Link that replays current quiz
Next Quiz
Link to next quiz in quiz playlist
You Got
0%
They Got
Avg Score
50%
Avg Friend Score
Upgrade to see
Score Distribution
Jump to the score distribution portion of the page
Score
0/40
Timer
10:00
0
Plays Today
% Correct
Kobe Bryant
90.5%
Earvin 'Magic' Johnson Jr.
89.2%
Kareem Abdul-Jabbar
82.4%
Wilt Chamberlain
81.7%
Metta World Peace
81.4%
Shaquille O'Neal
81.4%
Pau Gasol
77.1%
Derek Fisher
76.1%
Lamar Odom
74.2%
Vlade Divac
72.5%
Luke Walton
71.9%
Jerry West
71.6%
James Worthy
69%
Rick Fox
68.6%
Byron Scott
63.4%
Robert Horry
62.7%
Nick Van Exel
59.2%
Kurt Rambis
58.5%
George Mikan
57.5%
Elgin Baylor
55.9%
% Correct
Ronny Turiaf
52.9%
Glenn Rice
52.3%
AC Green
51.3%
Trevor Ariza
49%
Michael Cooper
48.4%
Smush Parker
48%
D. J. Mbenga
38.9%
Gail Goodrich
38.2%
Jamaal Wilkes
30.7%
Sam Bowie
27.1%
Mychal Thompson
26.8%
Bob Mcadoo
24.5%
Norm Nixon
22.5%
Vern Mikkelsen
13.1%
Jim Pollard
11.1%
Rudy LaRusso
9.2%
Happy Hairston
9.2%
Clyde Lovellette
7.5%
Frank Selvy
3.6%
Dick Garmaker
3.3%
Quiz Playlist
Details
Report
Send in Message
Add To Playlist
Classic:
Type in answers that appear in a list
Forced Order:
Answers have to be entered in order
Last Updated: Apr 4, 2018
Quiz Scoreboard
CHALLENGE
Sign Up to Join the Scoreboard
Show All
Scores
Hide
Comments
May contain spoilers
Recently Published
Image Sorting: Flags VI
by Barbecue
Geography
2m
Find the 'City' Movie
by crazypaving
Movies
60s
Colored Red Africa Blitz
by spor1
Geography
45s
More to Explore
Quiz From the Vault
Featured Blog Post
14 Easter Pick-up Lines to Find Eggs With
hide this ad
You Might Also Like...
Tags
Basketball Quiz
NBA Quiz
Image Quiz
Los Angeles Lakers
Today's Top Quizzes in Sports
Browse Sports
hide this ad
Today's Top Quizzes in NBA
Browse NBA
Top Contributed Quizzes in Sports
1
Les meilleurs buteurs des matchs entre le PSG et l’OM
2
Les entraîneurs de l'OM et du PSG au 21e siècle
3
Les joueurs passés par le PSG et l'OM
4
2022 World Cup Stars
5
Players with Multiple 50 Home Run Seasons
6
Criteria MLB: Left Handed Sluggers
7
Les joueurs passés par le LOSC et le RC Lens
8
NBA Logic Puzzle 2.0
9
MLB Players with Two .350 Batting Average Seasons
10
FIFA Club World Cup Champions
Explore More
Trending Topics
Crossword
Disney
Anime
Harry Potter
Kpop
NBA
Marvel
Song
NFL
The Office
Puzzle
Pokémon
WWE
Soccer
Country
hide this ad
More By:
jonbohan
Quiz
Plays
Rating
Category
Featured
Created
Melting and Exploding in Movies
21,529
4.33
Movies
Mar 15, 2013
The Football Trivia Quiz
365
4.33
Sports
Mar 11, 2012
Finish the Quote From Jingle All the Way
314
5.00
Movies
Dec 7, 2012
Major Actors in Spanish 2nd Rebublic and Civil War
183
5.00
History
May 17, 2013
2008 Summer Olympics - Gold medal winners (Images)
134
5.00
Sports
Jan 24, 2012
Go to Creator's Profile
Score Distribution
Quiz Creator Spotlight
jonbohan
Follow
Send a Message
Quizzes Created
-
Created Quiz Play Count
-
More By This Creator
Popular Quizzes Today
1
Colored Red Africa Blitz
2
Find the US States - No Outlines Minefield
3
Find the 'City' Movie
4
5x2 Blitz: Bands
5
The Countries of the World
6
Find the US States
7
Find the Countries of Europe - No Outlines Minefield
8
US States
More Sports Quizzes
NBA: 50% All-Defensive Teams
Quiz Lab
Trending Quizzes
Colored Red Europe Blitz I
Colored Red Europe Blitz II
Colored Red Africa Blitz II
Colored Red Europe Blitz III
Colored Red Africa Blitz III
Recently Updated
How Do You Spell That?
pecheneg
Godzilla Movies
pecheneg
Grab Bag: 4-10 Letters
pecheneg
2024 March Madness Bracket
pecheneg
Famous TV Couples
Peacemaker
Champions League XIs: Real Madrid
pecheneg
Largest US Cities 1790-2010
pecheneg
Rides in Walt Disney World
pecheneg
Most Oscar Losses (Acting)
pecheneg
Beyoncé Albums
pecheneg
Trending Topics
Kpop
NBA
Harry Potter
Crossword
Anime
Disney
Marvel
Puzzle
Pokémon
NFL
Soccer
WWE
Country
The Office
Song
Your Account Isn't Verified!
In order to create a playlist on Sporcle, you need to verify the email address you used during registration. Go to your
Sporcle Settings
to finish the process.
Report this User
Report this user for behavior that violates our
Community Guidelines
.
Details:
Send Report
Go to the Sporcle.com Mobile Site →
Comments